000 00213nam a22000857a 4500
008 170210b xxu||||| |||| 00| 0 eng d
100 _92862
_aMoore.P.
245 _aAnton Chekhov Short Stories
260 _aNew Delhi
_c2012
999 _c6081
_d6081